| 000 | 00683nam a22002177a 4500 | ||
|---|---|---|---|
| 005 | 20161213145659.0 | ||
| 010 | _aENG-116798 | ||
| 020 |
_c700.00 _a9789351610762 |
||
| 020 |
_c700.00 _a9351610764 |
||
| 035 | _aEN-100330 | ||
| 037 | _bDBAD/PUB | ||
| 082 | _a330.954 | ||
| 100 | _aDhingra,Ishwar C. | ||
| 245 |
_aThe Indian economy : _cby Ishwar C. Dhingra _benvironment and policy / |
||
| 250 | _b29th ed. | ||
| 260 |
_aNew Delhi _bNIIR Project Consultany Serice _c2016 |
||
| 270 |
_bNew Delhi _a23, Daryaganj _e110002 |
||
| 300 |
_axxi,865p. : _c24cm(pbk) _bill |
||
| 500 | _aIncludes bibliographical references and index | ||
| 942 |
_2ddc _cEN _h330.954 _mDHI |
||
| 999 |
_c105089 _d105089 |
||